000 00661nam a2200241Ia 4500
003 OSt
005 20220925220349.0
006 a|||||r|||| 00| 0
007 ta
008 220923b |||||||| |||| 00| 0 eng d
037 _cGeneral Book
040 _aRTL
_cRTL
_beng
041 _2eng
_aeng
082 _aXM8, M9
100 _aBuckley Peter
_9135060
245 0 _aMultinational enterprises
_b Theory and applications
260 _aLondon
_bMacmilan
_c1989
300 _axv,254p
_ccm.
500 _aBibliography chapterwise
650 _aMultinational
942 _hXM8, M9
_cGB
_2CC
999 _c571226
_d571226